000 00430nam a2200181Ia 4500
001 23379
005 20260414150933.0
008 260414t2006||||xx |||||||||||||| ||spa||
041 _aESP
082 _a629.892
_bT847 2006
100 _aThrun, Sebastian
_eAUT
245 0 _aProbabilistic robotics
_b
260 _c2006
300 _axx, 647 páginas :
_c23 cm.
650 _aCNM
654 _aCCN
942 _cLIB
_dJUS
_fJUS
_2ddc
_n
999 _c23379
_d23379